IPA letter by sound Quiz Stats

 Plays Quiz not verified by Sporcle

Challenge
Share
Tweet
Embed
Score 0/26 Timer 04:00
0 Plays Today
sound letter % Correct
bilabial nasalm
80.8%
voiceless bilabial plosive p
80.1%
alveolar nasal n
79%
voiced bilabial plosiveb
77.3%
voiceless labiodental fricative f
76.6%
voiceless glottal fricativeh
73.1%
voiceless alveolar plosive t
72%
voiced labiodental fricative v
72%
alveolar trill r
72%
alveolar lateral approximantl
71.7%
voiced velar plosive g
71.3%
voiced alveolar plosive d
71%
voiceless velar plosive k
68.2%
sound letter % Correct
voiced alveolar fricativez
67.8%
close-mid back rounded vowelo
64%
close back rounded vowelu
63.3%
close front unrounded voweli
61.9%
close-mid front unrounded vowele
61.5%
open front unrounded vowela
59.8%
palatal approximant j
59.4%
voiced labiovelar approximant w
53.5%
voiceless alveolar sibilant s
52.8%
close front rounded vowely
47.9%
voiceless velar fricative x
44.1%
voiceless palatal plosive c
43%
voiceless uvular plosive q
42.3%

You're not logged in!

Compare scores with friends on all Sporcle quizzes.
Join for Free
OR
Log In

You Might Also Like...

Show Comments

Extras

Created Nov 24, 2011ReportNominate
Tags:Alphabet Quiz, ipa, sound

Top Quizzes Today


Score Distribution

Your Account Isn't Verified!

In order to create a playlist on Sporcle, you need to verify the email address you used during registration. Go to your Sporcle Settings to finish the process.

Report this User

Report this user for behavior that violates our Community Guidelines.

Details: